000 00424nam a2200181Ia 4500
001 21477
005 20260306172922.0
008 260306t1988||||xx |||||||||||||| ||spa||
041 _aESP
082 _a345.1C4
_bU79
100 _aUrquizo Pérez, V. Jorge
_eAUT
245 0 _aPráctica forense penal
260 _c1988
300 _a400 páginas :
_ccm.
650 _aGEN
654 _aCDE
942 _cLIB
_dJUS
_fJUS
_2ddc
_n
999 _c21477
_d21477